| 000 | 02414nam a22002777a 4500 | ||
|---|---|---|---|
| 001 | 1714 | ||
| 003 | FISKH | ||
| 005 | 20231108081307.0 | ||
| 008 | 230919b cb ||||| |||| 00| 0 khr d | ||
| 020 | _a9789924341208 | ||
| 040 |
_aFISKH _beng _cFISKH _dFISKH |
||
| 082 | _a629.4 | ||
| 100 | _aMontaigne, Marion | ||
| 245 |
_aជីវិតអវកាសយានិក តូមា ប៉េស្កេ / _cMARION MONTAIGNE - បកប្រែពីភាសាបារាំងដោយ សេង ឌីណា |
||
| 260 |
_aPhnom Penh : _bSipar, _c2021. |
||
| 300 |
_a206 pages : _bcolor illustrations ; _c28 cm |
||
| 505 | _aZ' | ||
| 520 | _aដំណើរផ្សងព្រេងសៀវភៅបែបកំប្លែងដ៏វែង និងលម្អិតដែលដើរតាមជីវិតរបស់អវកាសយានិកទៅកាន់ទីអវកាស និងកន្លែងជាច្រើនទៀត។ នៅពេលដែលយើងឃើញកាំជ្រួចមួយត្រូវបានគេបង្ហោះក្នុងទូរទស្សន៍ យើងទាំងអស់គ្នានឹងមានសំណួររាប់ពាន់ ដើម្បីសួរទៅអាវកាសយានិក។ ដោយបានឆ្លងកាត់ការបណ្ដុះបណ្ដាល និងការហ្វឹកហាត់អស់រយះពេល ៧ឆ្នាំ តូម៉ា ប៉េស្កេក៏បានចូលរួមក្នុងចំណោមបុរសស្ត្រីដែលមានការិយាល័យធ្វើការនៅស្ថានីយ៍អាវកាស។ | ||
| 520 | _aA lengthy and detailed comic book adventure that follows the life of an astronaut into space and many other places. When we see a rocket being televised, we all have thousands of questions to ask astronauts. After seven years of training and coaching, Tomaspecé also joined with the men and women who have offices in the space station. | ||
| 521 | 8 |
_a1120
_bLexile estimate |
|
| 521 | 8 |
_aZ'
_bRaz-Plus |
|
| 650 |
_aអាវកាសយានិក _vលំហ _xស្ថានីយ៍ _yបណ្ដុះបណ្ដាល |
||
| 650 |
_aAstronaut _vSpace _xStation _yTrain |
||
| 700 |
_aDyna, Seng _eTranslator |
||
| 942 |
_2ddc _cKHB _n0 |
||
| 999 |
_c1714 _d1714 |
||